Administración de la defensa: la experiencia chilena en el período 1932-1973 /

Tallennettuna:
Bibliografiset tiedot
Päätekijä: Díaz Gallardo, José
Aineistotyyppi: Teksti
Kieli:Spanish
Tagit: Lisää tagi
Ei tageja, Lisää ensimmäinen tagi!

MARC

LEADER 00000 a a2200000 04500
001 38594
003 cru CIDCACS/IIS
005 20190214153618.0
007 ta
008 190214b1996 cl |||||r||||||0| ||spa||
999 |c 42180  |d 42180 
040 |c cru CIDCACS/IIS 
100 1 |9 8327  |a Díaz Gallardo, José 
245 1 |a Administración de la defensa:  |b la experiencia chilena en el período 1932-1973 /  |c José Díaz Gallardo 
300 |a páginas 6-14 
773 0 |0 42179  |9 2650  |a FLACSO, Chile  |d Santiago, Chle: FLACSO ; CLADDE  |o 17897  |t Revista fuerzas armadas y sociedad /   |w (cru CIDCACS/IIS)38594  |x 07171498 
942 |2 ddc  |c PP